000 005220000a22001810004500
003 MACL
005 20160204140745.0
008 160204b xxu||||| |||| 00| 0 eng d
040 _aMACL
_cMACL
041 _aHindi
082 _a020
100 _aएस पी सूद
_936892
245 _aक्रियात्‍मक सूचीकरण
260 _bआर बी एस ए पब्लिशर्स
_c1984
_aजयपुर
350 _a50
650 _aLibrary Sci.
_936840
942 _cHIN
_k020
_2ddc
999 _c29275
_d29275